00369 a2200121 450000500170000002000180001708200140003510000170004924500610006626000510012730000500017870000190022820250618152029.0 a0-02-304840-9 a658.4 AUS aAUSTIN, M. L aManagement Scince: An Aid for Managerial Decision Making aNew YorkbMacmillian Publishing Companyc1985. axvi,560p.: ill.; figures, tablesbIndexc26cm aJames R. Burns